000 01846 a2200217 4500
001 41335
005 20260407155707.0
008 260407a2017 arg spa d
003 AR-UNSa-BCEJYS
040 _aAR-UNSa-BCEJYS
_bspa
_cAR-UNSa-BCEJYS
080 _a336.226.1
_xImpuestos a las ganancias o los beneficios (Impuesto Diferido)
245 1 0 _aGanancias 2017
_pretención sobre sueldos
020 _a978-987-01-2026-1
264 1 _aBuenos Aires :
_bErrepar
_c2017
300 _a29 p.
_c21 cm.
505 _a1. ¿Cuál es la forma de cálculo de la retención? - 2. ¿Hay algún item que esté exento o no gravado para el cálculo de la retención? - 3.¿Qué conceptos se pueden deducir para el cálculo de la retención? - 4. Requisitos para la procedencia de las distintas deducciones - 5. ¿Cómo se informan estas deducciones al empleador? - 6. ¿Cómo debe proceder el empleado si tiene más de un empleador? - 7. ¿Qué empleados se encuentran obligados a presentar la DDJJ de ganancias? ¿Deben inscribirse en el impuesto? - 8. ¿Qué empleados se encuentran obligados a presentar la DDJJ de bienes personales? ¿Deben inscribirse en el impuesto? - 9. Vencimiento de las DDJJ de ganancias y de bienes personales 10. Carácter de las retenciones efectuadas a los empleados. Cómputo en la declaración jurada del impuesto a las ganancias. Saldos a favor, posibilidades de utilización - 11. Forma de ingreso de las retenciones - 12. Tabla de deducciones personales. Importes de las deducciones acumuladas correspondientes a cada mes - 13. Escala utilizable para el cálculo de las retenciones mensuales. Período fiscal 2017 - 14. Caso práctico
041 _aspa
942 _cBK
590 _aniveau_biblio:m niveau_hierar:0
856 4 1 _uhttps://biblioeco.unsa.edu.ar/pmb/images/libros/E00034_01.jpg
_yImagen de portada
_qimage/jpeg
999 _c3469
_d3469